书目信息 |
| 题名: |
马克思主义、毛泽东主义与乌托邦主义
|
|
| 作者: | 迈斯纳 著 ;张宁 , 陈铭康 译 | |
| 分册: | ||
| 出版信息: | 北京 中国人民大学出版社 2005 |
|
| 页数: | 14,241页 | |
| 开本: | 21cm | |
| 丛书名: | 国外毛泽东研究译丛 | |
| 单 册: | ||
| 中图分类: | A81 , D091.6 , A84 | |
| 科图分类: | ||
| 主题词: | 马克思主义--研究 , 乌托邦--研究 , 毛泽东思想--研究 | |
| 电子资源: | ||
| ISBN: | 7-300-06245-8 | |
| 000 | 01286nam0 2200337 450 | |
| 000 | 01296nam0 2200337 450 | |
| 000 | 01230nam0 2200313 450 | |
| 000 | 01194oam2 2200301 45 | |
| 005 | 20070722173350.26 | |
| 010 | @a7-300-06245-8@dCNY18.00 | |
| 100 | @a20070702d2005 em y0chiy0120 ea | |
| 101 | 1 | @achi@ceng |
| 102 | @aCN@b110000 | |
| 105 | @ay z 000yy | |
| 200 | 1 | @a马克思主义、毛泽东主义与乌托邦主义@AMa Ke Si Zhu Yi、 Mao Ze Dong Zhu Yi Yu Wu Tuo Bang Zhu Yi@f(美)莫里斯·迈斯纳(Maurice Meisner)著@F( Mei ) Mo Li Si· Mai Si Na (Maurice Meisner) Zhu@g张宁,陈铭康等译 |
| 210 | @a北京@c中国人民大学出版社@d2005 | |
| 215 | @a14,241页@d21cm | |
| 225 | 2 | @a国外毛泽东研究译丛 |
| 330 | @a本书作者以自己雄厚的马克思主义的理论功力,介绍了马克思主义和毛泽东思想中的“乌托邦主义”,试图全方位恢复被扭曲的马克思主义著作中的所谓“乌托邦主义”的深刻思想内涵。 | |
| 410 | 0 | @12001 @a国外毛泽东研究译丛 |
| 606 | 0 | @a马克思主义@x研究 |
| 606 | 0 | @a乌托邦@x研究 |
| 606 | 0 | @a毛泽东思想@x研究 |
| 690 | @aA81@v4 | |
| 690 | @aD091.6@v4 | |
| 690 | @aA84@v4 | |
| 701 | 1 | @c(美)@a迈斯纳@AMai Si Na@g(Meisner,M.)@4著 |
| 702 | 0 | @a张宁@AZhang Ning@c(博士)@4译 |
| 702 | 0 | @a陈铭康@AChen Ming Kang@f(1928~)@4译 |
| 801 | 0 | @aCN@bTAOJIN@c20070722 |
| 905 | @a10447@dA81@e222 | |
| 马克思主义、毛泽东主义与乌托邦主义/(美)莫里斯·迈斯纳(Maurice Meisner)著/张宁,陈铭康等译.-北京:中国人民大学出版社,2005 |
| 14,241页;21cm.-(国外毛泽东研究译丛) |
| ISBN 7-300-06245-8:CNY18.00 |
| 本书作者以自己雄厚的马克思主义的理论功力,介绍了马克思主义和毛泽东思想中的“乌托邦主义”,试图全方位恢复被扭曲的马克思主义著作中的所谓“乌托邦主义”的深刻思想内涵。 |
| ● |
| 相关链接 |
|
|
|
|
正题名:马克思主义、毛泽东主义与乌托邦主义
索取号:A81/222
 
预约/预借
| 序号 | 登录号 | 条形码 | 馆藏地/架位号 | 状态 | 备注 |
| 1 | 0823106 | 208231064 | 第一样本阅览室/ [索取号:A81/222] | 在馆 | |
| 2 | 0823107 | 208231073 | 第一借阅区/ [索取号:A81/222] | 在馆 | |
| 3 | 0823108 | 208231082 | 第一借阅区/ [索取号:A81/222] | 在馆 | |
| 4 | 0823109 | 208231091 | 第一借阅区/ [索取号:A81/222] | 在馆 |